[Event "ECU Youth Hybrid Championships - Open -"]
[Site "Prague, Czechia"]
[Date "2021.10.18"]
[Round "6"]
[White "Aamodt, Peder Marcus"]
[Black "Poupalos, Nikolaos"]
[Result "1/2-1/2"]
[WhiteElo "1808"]
[BlackElo "1964"]
[Annotator "Aamodt, Peder Marcus"]
[PlyCount "46"]
[EventDate "2021.??.??"]
[WhiteTeam "Norway"]
[BlackTeam "Greece"]
[WhiteTeamCountry "NOR"]
[BlackTeamCountry "GRE"]

1. c4 e5 2. Nc3 Bb4 3. Nd5 a5 4. g3 Nf6 5. Bg2 O-O 6. Nf3 d6 7. O-O c6 8. Ne3
$5 {Prøver å eksprintere litt og få svart til å flytte bøndene sine langt
frem lik at de kan bli svake} e4 9. Ne1 d5 10. cxd5 cxd5 11. d3 Be6 12. N3c2
Nc6 13. Nxb4 axb4 14. Bg5 $2 {Jeg trodde at dette ble helt likt} (14. Nc2 $11)
14... h6 15. Bxf6 Qxf6 16. dxe4 dxe4 17. Bxe4 Qxb2 18. Nd3 $6 Qd4 19. Bg2 Bxa2
{glemte at han kunne slå med løperen først} (19... Rxa2 20. Rxa2 Bxa2 21.
Bxc6 bxc6 22. Qa4 $11) 20. e3 Qb6 21. Qc2 Be6 $2 {Gir meg en mulighet til å
komme tilbake i partiet} 22. Rab1 $2 {Her tenkte jeg i nesten 30 minutter.
Ideen min var at jeg skulle spille Dc5 og at det ville føre til en
remisstiling} (22. Nc5 $1 {Hadde vært nærmest likt}) 22... Rfd8 23. Qc5 {
Ingen av oss så Ta6 som hadde beholdt fordelen til svart} Qxc5 {Her vinner
hvit minst en bonde tilbake og det er nok til remis.} 1/2-1/2

[Event "ECU Youth Hybrid Championships - Open -"]
[Site "Prague, Czechia"]
[Date "2021.10.19"]
[Round "7"]
[White "Aamodt, Peder Marcus"]
[Black "Skrbec, Leon"]
[Result "1-0"]
[WhiteElo "1808"]
[BlackElo "2091"]
[Annotator "Aamodt, Peder Marcus"]
[PlyCount "67"]
[EventDate "2021.??.??"]
[WhiteTeam "Norway"]
[BlackTeam "Slovenia"]
[WhiteTeamCountry "NOR"]
[BlackTeamCountry "SLO"]

1. d4 d5 2. c4 c6 3. Nf3 Nf6 4. Nc3 g6 {Ganske så uvanlig sidevariant} 5. g3
Bg7 6. Bg2 O-O 7. O-O dxc4 8. a4 Na6 9. e4 Bg4 10. Be3 $6 {Stockfish ønsker
her at hvit skal starte med De2, istedenfor Le3.} Qc8 $6 (10... e5 {Med liten
fordel til svart}) 11. Qe2 Qe6 $6 {Dette ser ut som det beste trekket,
ettersom det dekker bonden på c4 og opprettholder trusselen med Lh3} (11... Nb4
{Er ikke det enkleste trekket å spille} 12. Qxc4 Nc2 13. Rac1 Nxe3 14. fxe3 $13
) 12. h3 Bxf3 ({Legg merke til at dette taper for svart} 12... Bxh3 $4 13. Ng5
Bg4 14. f3) 13. Bxf3 $1 {Grunnen til at De6 ikke er bra.} h5 $6 {Gjør det
mulig å sette igang et farlig angrep} (13... Qxh3 $4 14. e5 Nd5 15. Bg4 {Og
damen er fanget}) 14. Bg2 Ne8 $6 15. f4 f5 $2 {Ser veldig feil ut} 16. Rad1 $6
(16. d5 $1 {Vinner raskere} cxd5 17. exf5 Rxf5 18. g4 hxg4 19. hxg4 d4 20. gxf5
Qxe3+ 21. Qxe3 dxe3 22. Bxb7 Rb8 23. Bxa6 Rxb2 24. Bxc4+ Kf8 25. Ne2 gxf5)
16... fxe4 17. Nxe4 Nd6 18. d5 $3 {Nå kollapser hvit sin stilling} cxd5 19. Ng5
Qc8 20. Bxd5+ Kh8 21. Ne6 $1 {Stiller veldig ekle spørsmål til svart. Svart må
nesten bare gi kvaliteten her.} Nf5 (21... Rf5 22. Nxg7 Kxg7 23. Bd4+ Kf8 24.
Rfe1 {Dette er ferdig}) 22. Nxf8 Bxf8 $6 (22... Qxf8 {Her kan svart kjempe
litt til}) 23. Bf2 {Ikke noe poeng i å prøve å ekspremintere} Nc7 24. Bxc4 {Nå
er alt motspill som svart har, dødt.} Bg7 25. Qd3 Qf8 26. g4 Nd6 27. Bd4 Bxd4+
28. Qxd4+ Kh7 29. Bd3 Kh6 30. f5 g5 31. f6 Ne6 32. Qe5 Qg8 33. fxe7 Ne8 34.
Rf6+ 1-0

[Event "ECU Youth Hybrid Championships - Open -"]
[Site "Prague, Czechia"]
[Date "2021.10.20"]
[Round "8"]
[White "Uritsky, Yonathan"]
[Black "Aamodt, Peder Marcus"]
[Result "1-0"]
[WhiteElo "2081"]
[BlackElo "1808"]
[Annotator "Aamodt, Peder Marcus"]
[PlyCount "127"]
[EventDate "2021.??.??"]
[WhiteTeam "Israel"]
[BlackTeam "Norway"]
[WhiteTeamCountry "ISR"]
[BlackTeamCountry "NOR"]

1. e4 c6 2. Nc3 d5 3. Nf3 dxe4 4. Nxe4 Nf6 5. Qe2 Bf5 6. Nxf6+ gxf6 7. d3 Nd7
8. g3 Ne5 9. Nxe5 Qa5+ 10. Bd2 Qxe5 11. Qxe5 fxe5 12. Bc3 f6 13. Bg2 O-O-O 14.
O-O-O Bh6+ 15. Kb1 Rd7 16. Bf3 Rhd8 17. Rhe1 Kb8 18. h4 Rg8 19. a3 Bg4 20. Bxg4
Rxg4 21. Ka2 b6 22. Rg1 Rg8 23. Rde1 Kb7 24. Re4 Rg6 25. Rge1 Bf8 26. g4 e6 27.
f3 Bc5 28. h5 Rg8 29. b4 Bf2 30. Rf1 Bg3 31. Re2 Bf4 32. Bd2 Bxd2 33. Rxd2 {
har vært likt hele partiet, men jeg har brukt mye tid på klokken} f5 $2 {
Jeg ville spille h6, men jeg tenkte at f5 var et godt trekk å legge inn.
Stockfish er uenig.} 34. Rg2 h6 35. Re1 Rd5 36. Ree2 f4 37. Re4 Rg5 38. Rge2
Kc7 39. Kb3 Kd6 40. a4 a5 41. Re1 axb4 42. Rxb4 Kc7 43. Rbe4 Kd6 44. Kc3 Rc5+
$2 {Svart er fortsatt inne i partiet før dette trekket. Herfra spiller hvit
eksemplarisk.} (44... Rg8 $1 {Her kunne svart fortsatt kjempet for et halvt
poeng}) 45. Kd2 Rd5 46. Rb1 Kc7 47. Reb4 b5 $2 48. axb5 c5 49. Ra4 Rd6 50. Ra7+
Kb8 51. Rh7 e4 52. fxe4 Rxg4 53. Rxh6 Rg2+ 54. Kc3 f3 55. Rf6 Rh2 56. h6 Kc7
57. Rf1 e5 58. R1xf3 Rxh6 59. Rxh6 Rxh6 60. Kc4 Kb6 61. Rf5 Rh2 62. Rf6+ Kc7
63. c3 Rc2 64. Rc6+ 1-0

[Event "ECU Youth Hybrid Championships - Open -"]
[Site "Prague, Czechia"]
[Date "2021.10.21"]
[Round "9"]
[White "Aamodt, Peder Marcus"]
[Black "Gschiel, Alexander"]
[Result "0-1"]
[WhiteElo "1808"]
[BlackElo "2112"]
[Annotator "Aamodt, Peder Marcus"]
[PlyCount "62"]
[EventDate "2021.??.??"]
[WhiteTeam "Norway"]
[BlackTeam "Austria"]
[WhiteTeamCountry "NOR"]
[BlackTeamCountry "AUT"]

1. d4 Nf6 2. c4 e6 3. Nf3 b6 4. g3 Bb7 5. Bg2 Be7 6. Nc3 Ne4 7. Bd2 O-O 8. O-O
d6 9. Rc1 Nd7 10. d5 Nxc3 11. Bxc3 e5 12. b4 a5 13. a3 axb4 14. axb4 Nf6 15.
Qc2 b5 16. e4 bxc4 17. Nd2 c6 18. Nxc4 cxd5 {Begge to har spilt ganske bra
frem til nå} 19. Na5 $4 {Jeg trodde at hvit sto til vinst her, men jeg
overså La6 og herfra er det tapt.} (19. exd5 $11 Bxd5 20. Bxd5 Nxd5 21. Rfd1
Nxc3 22. Qxc3 {svart står bonde over, men står merkelig med brikkene sine og
mest sannsynlig ender det opp i et tårnsluttspill som ender remis.}) 19... Ba6
{Truer tårnet på f1 og å spille d4} 20. Rfd1 d4 21. Nc6 Qd7 22. Bd2 Bb5 23.
Re1 h6 24. Nxd4 exd4 25. e5 Rac8 26. exf6 Rxc2 27. fxe7 Rxd2 28. exf8=Q+ Kxf8
29. Ra1 g6 30. Ra8+ Kg7 31. Rb8 Qf5 0-1

[Event "OSS Junior International 2020"]
[Site "Oslo NOR"]
[Date "2020.06.24"]
[Round "1"]
[White "Aamodt, Peder Marcus"]
[Black "Grave, Jacob Templen"]
[Result "0-1"]
[WhiteElo "1764"]
[BlackElo "2136"]
[PlyCount "68"]
[EventDate "2020.06.24"]

1. Nf3 Nf6 2. c4 e6 3. Nc3 d5 4. d4 c6 5. e3 Nbd7 6. Qc2 Bd6 7. Bd3 dxc4 8.
Bxc4 b5 9. Bd3 Bb7 10. O-O O-O 11. Ne4 Nxe4 12. Bxe4 h6 13. a4 Rc8 14. axb5
cxb5 15. Qd3 Bxe4 16. Qxe4 Qb6 17. Bd2 b4 18. Qd3 a5 19. e4 Ra8 20. b3 Rfc8 21.
Rfc1 Rxc1+ 22. Bxc1 Qc6 23. Bd2 a4 24. bxa4 Rxa4 25. Rc1 Qb7 26. e5 Bf8 27. h4
Ra3 28. Qb1 b3 29. Bc3 Nb6 30. Nd2 Na4 31. Nc4 Ra2 32. Be1 b2 33. Nxb2 Qxb2 34.
Qxb2 Rxb2 0-1

[Event "OSS Junior International 2020"]
[Site "Oslo NOR"]
[Date "2020.06.25"]
[Round "2"]
[White "Westrum, Kim Roger Hansen"]
[Black "Aamodt, Peder Marcus"]
[Result "1/2-1/2"]
[WhiteElo "1962"]
[BlackElo "1764"]
[PlyCount "76"]
[EventDate "2020.06.24"]

1. e4 e5 2. Nf3 Nc6 3. Bb5 Nf6 4. d3 Bc5 5. Bxc6 dxc6 6. Nbd2 Qe7 7. Nc4 Nd7 8.
Bd2 f6 9. Qe2 Nb6 10. Ne3 Be6 11. h3 Bxe3 12. Bxe3 c5 13. b3 a5 14. a4 Nd7 15.
Nd2 b6 16. f4 O-O-O 17. f5 Bf7 18. Nc4 Bxc4 19. bxc4 Nb8 20. O-O Nc6 21. Rfd1
Nd4 22. Qf2 g5 23. Ra2 h5 24. g3 g4 25. h4 Rd7 26. Rb2 Nc6 27. Rdb1 Nb4 {=} 28.
Bd2 Qd6 29. Bc3 Qc6 30. Ra1 Rdd8 31. Rbb1 Rh7 32. Rf1 Qd7 33. Rfd1 Nc6 34. Kf1
Rhh8 35. Rab1 Nb4 36. Ra1 Nc6 37. Rab1 Nb4 38. Ra1 Nc6 1/2-1/2

[Event "OSS Junior International 2020"]
[Site "Oslo NOR"]
[Date "2020.06.26"]
[Round "3"]
[White "Aamodt, Peder Marcus"]
[Black "Ji, Jiahao Eric"]
[Result "1-0"]
[WhiteElo "1764"]
[BlackElo "1650"]
[PlyCount "99"]
[EventDate "2020.06.24"]

1. d4 Nf6 2. c4 g6 3. f3 Bg7 4. e4 d6 5. Nc3 O-O 6. Be3 Nbd7 7. Qd2 b6 8. Nh3
c5 9. d5 Ne5 10. f4 Neg4 11. Nf2 Nxf2 12. Bxf2 Ng4 13. Bh4 f5 14. h3 Nh6 15. e5
dxe5 16. fxe5 f4 17. d6 Nf5 18. Qd5+ e6 19. Bxd8 exd5 20. Be7 Nxe7 21. dxe7 Re8
22. O-O-O d4 23. Nd5 Bb7 24. Nc7 Rxe7 25. Nxa8 Bxa8 26. Rg1 Rxe5 27. Bd3 Kf7
28. Rdf1 f3 29. gxf3 Bh6+ 30. Kc2 Be3 31. Rg4 Bc6 32. f4 Rh5 33. f5 Ke7 34.
fxg6 hxg6 35. Rxg6 Be8 36. Rg7+ Ke6 37. Rxa7 Rg5 38. Ra6 Rg2+ 39. Kb1 Rd2 40.
Rxb6+ Ke7 41. Rb7+ Kd8 42. Be4 d3 43. a4 Bg5 44. a5 Ba4 45. Rf8+ Be8 46. Rb8+
Kc7 47. Rfxe8 Rd1+ 48. Ka2 d2 49. Bc2 Rc1 50. Ba4 1-0

[Event "OSS Junior International 2020"]
[Site "Oslo NOR"]
[Date "2020.06.27"]
[Round "4"]
[White "Dahl, Max"]
[Black "Aamodt, Peder Marcus"]
[Result "1/2-1/2"]
[WhiteElo "1983"]
[BlackElo "1764"]
[PlyCount "122"]
[EventDate "2020.06.24"]

1. d4 Nf6 2. Bg5 d5 3. Bxf6 exf6 4. e3 Bd6 5. c4 dxc4 6. Bxc4 O-O 7. Nf3 b6 8.
Nc3 Bb7 9. O-O f5 10. Rc1 a6 11. d5 Nd7 12. Nd4 Ne5 13. Be2 g6 14. f4 Nd7 15.
Bf3 Nf6 16. a3 Re8 17. Qd2 Qd7 18. Rfe1 Ne4 19. Qd3 Nxc3 20. Qxc3 a5 21. Qc4
Ba6 22. Qc3 Bb7 23. Kf2 Bc5 24. b4 axb4 25. axb4 Bxd4 26. Qxd4 Qd6 27. Qc4 Re7
28. Ra1 Ree8 29. Qd4 Red8 30. Rxa8 Rxa8 31. Qe5 Ra2+ 32. Kg3 Qxe5 33. fxe5 Rd2
34. Rc1 Bxd5 35. Rxc7 Bxf3 36. Kxf3 Rb2 37. Rc8+ Kg7 38. Rc7 Kf8 39. Rc4 b5 40.
Rc7 Rxb4 41. e6 fxe6 42. Rxh7 e5 43. Rb7 Rb1 44. g4 Rb3 45. gxf5 gxf5 46. Kf2
Rb2+ 47. Kg3 Rb3 48. Kf2 Rb4 49. Kg3 Rg4+ 50. Kf3 Rb4 51. Kg3 Rb1 52. Kg2 Ke8
53. Kg3 Rg1+ 54. Kf3 Rb1 55. Kg3 Rb2 56. h3 Rb4 57. Kf3 Rb3 58. Kf2 e4 59. h4
Kf8 60. Rc7 Rb2+ 61. Kg3 Re2 1/2-1/2

[Event "OSS Junior International 2020"]
[Site "Oslo NOR"]
[Date "2020.06.28"]
[Round "5"]
[White "Aamodt, Peder Marcus"]
[Black "Engedal, Jo Frønsdal"]
[Result "1-0"]
[WhiteElo "1764"]
[BlackElo "1540"]
[PlyCount "65"]
[EventDate "2020.06.24"]

1. d4 d5 2. c4 dxc4 3. e4 e5 4. d5 b5 5. a4 Bb4+ 6. Bd2 Bxd2+ 7. Qxd2 Nf6 8.
Qc2 b4 9. Bxc4 a5 10. Nf3 Qd6 11. Nbd2 Nbd7 12. Bb5 Ba6 13. Nc4 Qc5 14. Qd3
Bxb5 15. axb5 a4 16. O-O O-O 17. Ncxe5 Nxe5 18. Nxe5 Rfe8 19. Rfc1 Qb6 20. Rc6
Qa7 21. Rxf6 gxf6 22. Nd7 Kg7 23. Qg3+ Kh8 24. b6 cxb6 25. Nxf6 Qe7 26. Qh4
Qxf6 27. Qxf6+ Kg8 28. e5 b5 29. e6 fxe6 30. dxe6 a3 31. bxa3 bxa3 32. Rxa3
Rac8 33. Rg3# 1-0

[Event "NM for ungdom 2017"]
[Site "Kristiansand, Vest-Agder NOR"]
[Date "2017.11.10"]
[Round "1"]
[White "Munk, Julian Aleksander"]
[Black "Lange, Magnus Øyvind"]
[Result "1-0"]
[WhiteElo "1580"]
[BlackElo "911"]
[PlyCount "47"]
[EventDate "2017.11.10"]
[WhiteTeam "Stavanger SK"]
[BlackTeam "Follo SF"]

1. c4 e5 2. Nc3 Nf6 3. g3 d5 4. cxd5 Nxd5 5. Bg2 Nxc3 6. bxc3 c6 7. Nf3 Nd7 8.
O-O e4 9. Nd4 c5 10. Nb3 a5 11. d4 Qe7 12. Ba3 b6 13. Nd2 Bb7 14. Rb1 Rb8 15.
Nc4 Ba6 16. Ne3 Bb7 17. Qa4 Ba8 18. dxc5 Qd8 19. Bxe4 Bxe4 20. Qxe4+ Be7 21.
cxb6 Rxb6 22. Bxe7 Qxe7 23. Qxe7+ Kxe7 24. Nd5+ 1-0

[Event "NM for ungdom 2017"]
[Site "Kristiansand, Vest-Agder NOR"]
[Date "2017.11.11"]
[Round "3"]
[White "Kvamme, Thomas Jørdre"]
[Black "Lange, Magnus Øyvind"]
[Result "0-1"]
[WhiteElo "904"]
[BlackElo "911"]
[PlyCount "68"]
[EventDate "2017.11.10"]
[WhiteTeam "Bergens Sjakklubb"]
[BlackTeam "Follo SF"]

1. d4 d5 2. Nf3 Nf6 3. Bf4 e6 4. e3 Nc6 5. c3 Bd6 6. Ne5 Nxe5 7. dxe5 g5 8. Bg3
h5 9. exf6 Bxg3 10. fxg3 Qxf6 11. Qf3 Qg6 12. Qf2 e5 13. Qd2 Bf5 14. Na3 O-O-O
15. Qf2 Rhe8 16. Be2 Re6 17. O-O-O Rb6 18. Qf3 g4 19. Qf2 d4 20. exd4 Qg5+ 21.
Rd2 Rxb2 22. Rhd1 Rxa2 23. Nc4 Rc2+ 24. Kb1 Rxd2+ 25. Ka1 Rxd1+ 26. Bxd1 Qc1+
27. Ka2 Bb1+ 28. Kb3 Qxd1+ 29. Kb4 Bd3 30. Nb2 Qe2 31. Nxd3 Qxd3 32. Qxf7 a5+
33. Kc5 b6+ 34. Kc6 Rd6# 0-1

[Event "NM for ungdom 2017"]
[Site "Kristiansand, Vest-Agder NOR"]
[Date "2017.11.11"]
[Round "5"]
[White "Joa, Sander"]
[Black "Lange, Magnus Øyvind"]
[Result "1-0"]
[WhiteElo "1260"]
[BlackElo "911"]
[PlyCount "95"]
[EventDate "2017.11.10"]
[WhiteTeam "Stavanger SK"]
[BlackTeam "Follo SF"]

1. e4 e5 2. Nf3 Nf6 3. Nc3 Bc5 4. Be2 O-O 5. O-O d6 6. a3 Bg4 7. h3 Bh5 8. g4
Bg6 9. d3 h6 10. g5 hxg5 11. Bxg5 Nbd7 12. Nh4 Bh7 13. Bg4 Qe8 14. Qf3 Nxg4 15.
Qxg4 Qe6 16. Nf5 Bxf5 17. exf5 Qe8 18. Bh6 g6 19. Bxf8 Qxf8 20. fxg6 Nf6 21.
gxf7+ Kxf7 22. Qc4+ Ke7 23. Nd5+ Nxd5 24. Qxd5 Qh6 25. c3 c6 26. Qg2 Qh7 27.
Qg5+ Kd7 28. Qg4+ Kc7 29. Kh2 Rg8 30. Qe4 Qh6 31. Rg1 d5 32. Qf3 Rf8 33. Qg3
Rxf2+ 34. Kh1 Rf7 35. d4 Be7 36. Raf1 Rh7 37. Kh2 Qe6 38. Qg4 Qh6 39. Qf5 exd4
40. Rg6 Qd2+ 41. Rf2 Bd6+ 42. Kg2 Qe3 43. Rxd6 Rxh3 44. Rd7+ Kb6 45. Qxh3 Qe4+
46. Qf3 Qg6+ 47. Qg3 Qe4+ 48. Rf3 1-0

[Event "NM for ungdom 2017"]
[Site "Kristiansand, Vest-Agder NOR"]
[Date "2017.11.12"]
[Round "7"]
[White "Broch-Austvoll, Andreas"]
[Black "Lange, Magnus Øyvind"]
[Result "1/2-1/2"]
[WhiteElo "1299"]
[BlackElo "911"]
[PlyCount "51"]
[EventDate "2017.11.10"]
[WhiteTeam "Stavanger SK"]
[BlackTeam "Follo SF"]

1. e4 e5 2. Nf3 Nf6 3. Nxe5 Qe7 4. Nf3 Qxe4+ 5. Qe2 Qxe2+ 6. Bxe2 Be7 7. d4 d5
8. O-O O-O 9. Bf4 Bf5 10. Nbd2 Nbd7 11. c4 c6 12. Rac1 Rac8 13. h3 dxc4 14.
Bxc4 b5 15. Be2 Nd5 16. Bg3 Rfe8 17. Rfe1 Bb4 18. a3 Bxd2 19. Nxd2 Re6 20. Bf3
Rce8 21. Rxe6 Rxe6 22. Bxd5 cxd5 23. Nf3 f6 24. Rc7 Ra6 25. Rc8+ Kf7 26. Rc7
1/2-1/2

[Event "Chess.com Isle of Man Open 2017"]
[Site "Douglas, Isle of Man GBR"]
[Date "2017.09.25"]
[Round "1"]
[White "Bø, Martin"]
[Black "Ratnoo, Vigyan"]
[Result "0-1"]
[WhiteElo "1685"]
[BlackElo "1525"]
[PlyCount "74"]
[EventDate "2017.09.25"]

1. d4 Nf6 2. c4 g6 3. Nc3 Bg7 4. e4 d6 5. Nf3 O-O 6. Be2 e5 7. O-O Nc6 8. d5
Ne7 9. Ne1 Ne8 10. Be3 f5 11. f3 f4 12. Bf2 g5 13. Rc1 Ng6 14. b4 b6 15. Nd3 h5
16. c5 Rf7 17. a4 Nf6 18. cxd6 cxd6 19. Nb5 g4 20. Rc6 Bf8 21. Nb2 g3 22. hxg3
fxg3 23. Bxg3 h4 24. Bf2 Nh5 25. Nc4 Qg5 26. Be3 Ngf4 27. Bxf4 Nxf4 28. Ne3 h3
29. g4 Qh4 30. Kh2 Ng2 31. Nf5 Bxf5 32. exf5 Bh6 33. Rxd6 Bf4+ 34. Kh1 Qg3 35.
Rg6+ Kh7 36. Kg1 Qh2+ 37. Kf2 Bg3# 0-1

[Event "Chess.com Isle of Man Open 2017"]
[Site "Douglas, Isle of Man GBR"]
[Date "2017.09.26"]
[Round "2"]
[White "Jackson, Paul R"]
[Black "Bø, Martin"]
[Result "1-0"]
[WhiteElo "1492"]
[BlackElo "1685"]
[PlyCount "73"]
[EventDate "2017.09.25"]

1. d4 Nf6 2. Nf3 g6 3. c3 Bg7 4. Bf4 O-O 5. e3 d6 6. Be2 Nfd7 7. h3 e5 8. Bh2
e4 9. Nfd2 d5 10. c4 c6 11. Nc3 Nb6 12. O-O f5 13. c5 N6d7 14. b4 g5 15. Bh5
Nf6 16. Bd6 Nxh5 17. Bxf8 Qxf8 18. Qxh5 Qe7 19. Qe2 Nd7 20. f3 Nf6 21. fxe4
dxe4 22. Nc4 Nd5 23. Nxd5 cxd5 24. Nd6 f4 25. Nxc8 Rxc8 26. Rad1 Rf8 27. a4 Qf7
28. b5 f3 29. Qa2 g4 30. hxg4 Qe6 31. Rd2 Bh6 32. Qb3 Rf7 33. Rc2 Qxg4 34. c6
bxc6 35. bxc6 Qg3 36. Rff2 Qg5 37. c7 1-0

[Event "Chess.com Isle of Man Open 2017"]
[Site "Douglas, Isle of Man GBR"]
[Date "2017.09.27"]
[Round "3"]
[White "Bø, Martin"]
[Black "Walker, Gordon J"]
[Result "1-0"]
[WhiteElo "1685"]
[BlackElo "1611"]
[PlyCount "63"]
[EventDate "2017.09.25"]

1. d4 Nf6 2. c4 e6 3. Nf3 d5 4. g3 Be7 5. Bg2 Nbd7 6. O-O c5 7. cxd5 Nxd5 8. e4
N5f6 9. d5 exd5 10. e5 Ng4 11. Re1 Nb6 12. Nc3 O-O 13. h3 Nh6 14. Bxh6 gxh6 15.
Nh2 Be6 16. Qh5 Kh8 17. Qxh6 Rg8 18. Rad1 Rg6 19. Qh5 Qd7 20. Be4 f5 21. exf6
dxe4 22. Rxd7 Bxd7 23. fxe7 Be8 24. Qe5+ Rg7 25. Rd1 Nd7 26. Qxe4 Rb8 27. Ng4
b6 28. Nd5 Bg6 29. Qe6 Be8 30. Ndf6 Nxf6 31. Nxf6 Rg6 32. Rd8 1-0

[Event "Chess.com Isle of Man Open 2017"]
[Site "Douglas, Isle of Man GBR"]
[Date "2017.09.28"]
[Round "4"]
[White "Kirkwood, Robin"]
[Black "Bø, Martin"]
[Result "1/2-1/2"]
[WhiteElo "1642"]
[BlackElo "1685"]
[PlyCount "88"]
[EventDate "2017.09.25"]

1. d4 Nf6 2. Bf4 g6 3. Nc3 d5 4. Qd2 Bg7 5. Bh6 O-O 6. Nf3 c6 7. Bxg7 Kxg7 8.
e3 Bf5 9. Ne5 Nbd7 10. h3 Qc7 11. g4 Nxe5 12. dxe5 Ne4 13. Qd4 Be6 14. f4 Qa5
15. Qa4 Qb6 16. Nd1 Rad8 17. Bd3 f5 18. Bxe4 dxe4 19. Qa3 Rd7 20. g5 Rfd8 21.
Rh2 Kf7 22. Qc3 Rd5 23. b4 a5 24. a3 Ra8 25. Rb1 Rb5 26. Rd2 axb4 27. Rxb4 Rxb4
28. Qxb4 Qa7 29. a4 Qxa4 30. Qxb7 Ra7 31. Qb6 Ra6 32. Qd4 Qxd4 33. exd4 Ra3 34.
c3 Bb3 35. Ne3 Ba4 36. d5 Rxc3 37. Kf2 cxd5 38. Rxd5 Rd3 39. Ra5 Bc6 40. Rc5
Ba4 41. Ra5 Rd2+ 42. Ke1 Rd3 43. Ke2 Bb3 44. Rb5 Ba4 1/2-1/2

[Event "Chess.com Isle of Man Open 2017"]
[Site "Douglas, Isle of Man GBR"]
[Date "2017.09.29"]
[Round "5"]
[White "Bø, Martin"]
[Black "Blackburn, Sandra G"]
[Result "1-0"]
[WhiteElo "1685"]
[BlackElo "1585"]
[PlyCount "85"]
[EventDate "2017.09.25"]

1. d4 d5 2. c4 e6 3. Nf3 Nf6 4. g3 Be7 5. Bg2 O-O 6. O-O Nbd7 7. Nc3 c5 8. cxd5
exd5 9. Bf4 cxd4 10. Nxd4 Nh5 11. Nxd5 Nxf4 12. Nxf4 Nf6 13. Rc1 Qb6 14. Rc2
Rd8 15. e3 Bf5 16. Nd3 Bxd3 17. Qxd3 Bc5 18. Rd1 Bxd4 19. exd4 Rd7 20. d5 Rad8
21. Qc4 g6 22. Rcd2 h5 23. b4 Qd6 24. Qc5 b6 25. Qxd6 Rxd6 26. Rc2 Nxd5 27.
Rcd2 Rc8 28. Rxd5 Rxd5 29. Bxd5 Kf8 30. Re1 Rc7 31. Re2 f6 32. h4 g5 33. hxg5
fxg5 34. Re5 h4 35. Rxg5 Rc1+ 36. Kg2 hxg3 37. Rxg3 a5 38. bxa5 bxa5 39. a4 Rc5
40. Bf3 Ke7 41. Be2 Kf6 42. Bb5 Ke5 43. Rg5+ 1-0

[Event "Chess.com Isle of Man Open 2017"]
[Site "Douglas, Isle of Man GBR"]
[Date "2017.09.30"]
[Round "6"]
[White "Birkisdottir, Freyja"]
[Black "Bø, Martin"]
[Result "1/2-1/2"]
[WhiteElo "1332"]
[BlackElo "1685"]
[PlyCount "61"]
[EventDate "2017.09.25"]

1. e4 c5 2. Nf3 d6 3. d4 cxd4 4. Nxd4 Nf6 5. Nc3 g6 6. g3 Nc6 7. Bg2 Nxd4 8.
Qxd4 Bg7 9. Qd3 O-O 10. O-O Be6 11. Be3 Ng4 12. Bd4 Ne5 13. Qd1 Qc8 14. Nd5 Re8
15. Ne3 Bh3 16. Bxh3 Qxh3 17. f4 Ng4 18. Nxg4 Bxd4+ 19. Qxd4 Qxg4 20. Qd1 Qe6
21. Qd5 Qxd5 22. exd5 Rac8 23. Rac1 Rc5 24. Rfd1 Rec8 25. c3 b5 26. Rd4 a5 27.
Rcd1 a4 28. a3 Kg7 29. g4 Kf6 30. Re1 R8c7 31. Kg2 1/2-1/2

[Event "Altibox Norway Chess NGP 2017"]
[Site "Stavanger, Rogaland NOR"]
[Date "2017.06.10"]
[Round "5"]
[White "Lea, Per"]
[Black "Fossum, Sindre"]
[Result "0-1"]
[WhiteElo "1508"]
[BlackElo "1395"]
[Annotator "Lea, Per"]
[PlyCount "60"]
[EventDate "2017.06.09"]

1. e4 e5 2. Nf3 Nc6 3. Bb5 Nf6 4. O-O Nxe4 5. Re1 ({Større sjanser til å komme
godt ut av åpningen gir} 5. d4 a6 6. Bxc6 dxc6 7. Re1 Nf6 8. Nbd2 ({eller} 8.
Nxe5)) 5... Nd6 6. Nxe5 Nxe5 (6... Be7 {er mer vanlig, men det er ikke sikkert
det er bedre enn springeravbyttet}) 7. Rxe5+ Be7 8. Ba4 $2 {Vanetenkning. Hvit
spiller "alltid" løperen til a4 når den er truet. Men løperen har ikke lenger
noen funksjon i denne diagonalen.} O-O 9. d4 Nc4 10. Re1 d5 11. Qe2 Bd6 12. c3
Bf5 13. Nd2 Nb6 14. Bb3 Qd7 15. Nf3 Rfe8 16. Be3 Bg4 17. Bd1 Nc4 18. b3 Nxe3
19. fxe3 Re6 20. Qf2 {Etter flere nøyaktige trekk fra svart har han en klar
fordel. Varianten er spilt før: men siden jeg ikke har PremiumMembership på
ChessBase får jeg ikke fram HVEM som har spilt det.} Rae8 {Virker intuitivt
fornuftig} ({Bedre er:} 20... Rf6) 21. Ng5 $2 ({Hvit kan få litt motspill i
komplikasjonene som oppstår etter} 21. Ne5 Rxe5 22. dxe5 Rxe5 23. Bxg4 Qxg4 24.
Rad1 Bc5 25. Kh1) 21... R6e7 ({Også her er} 21... Rf6 {bedre} 22. Bxg4 Qxg4 23.
Nf3 g5) 22. Qh4 $2 (22. Bxg4 Qxg4 23. Nf3 Qg6 24. Rad1 {yter i hvert fall litt
motstand, men bonden på e3 er garantert å skaffe hvit problemer før eller
seinere}) 22... Bf5 23. Bg4 $2 {Overser helt svarts enkle svar.} h6 ({Noen
ville sikkert la seg friste av} 23... Rxe3 24. Rxe3 Rxe3 25. Rf1 (25. Qxh7+ $2
Bxh7 26. Bxd7 Bd3 27. Nf3 (27. Nh3 c6) 27... Ba6 {med klar fordel for svart}))
24. Bxf5 Qxf5 25. Nf3 Rxe3 26. Qf2 Qd3 $1 27. Rxe3 (27. Ne5 Bxe5 28. Rxe3 Bxh2+
29. Kxh2 Qxe3 {er også håpløst}) (27. Rac1 Bf4 {med samme poenget som i partiet
} 28. Qf1 Re2) 27... Rxe3 28. Re1 Bf4 29. Rc1 $4 {Det verste av mange onder}
Re2 30. Ne5 Qe3 {Alt vinner for svart her} 0-1